LEADER 00976nam0-2200337---450 001 990009937730403321 005 20230405120612.0 035 $a000993773 035 $aFED01000993773 035 $a(Aleph)000993773FED01 035 $a000993773 100 $a20150203d1965----km-y0itay50------ba 101 1 $aita$cfre 102 $aIT 105 $a--------001yy 200 1 $a<>verbale$fJ. - M. -G. Le Clézio$gtraduzione di Gioia Zannino Angiolillo 210 $aTorino$cGiulio Einaudi$d1965 215 $a270 p.$d20 cm 225 1 $a<>ricerca letteraria$v2 320 $atraduzione di Gioia Zannino Angiolillo 454 0$a<>procès - verbal 610 0 $aNarrativa francese$a1900 676 $a843.914$v22$zita 700 1$aLe Clézio,$bJean-Marie Gustave$0408168 801 0$aIT$bUNINA$gRICA$2UNIMARC 901 $aBK 912 $a990009937730403321 952 $aDIC / CLE 1$fBFS 959 $aBFS 996 $aVerbale$9822048 997 $aUNINA LEADER 01212nam 2200385 450 001 9910825699903321 005 20230803214455.0 010 $a1-4674-4030-2 035 $a(CKB)3710000001084579 035 $a(MiAaPQ)EBC4859308 035 $a(Au-PeEL)EBL4859308 035 $a(CaPaEBR)ebr11388402 035 $a(OCoLC)988868615 035 $a(EXLCZ)993710000001084579 100 $a20170619h20142014 uy 0 101 0 $aeng 135 $aurcnu|||||||| 181 $2rdacontent 182 $2rdamedia 183 $2rdacarrier 200 04$aThe book of Isaiah $eenduring questions answered anew : essays honoring Joseph Blenkinsopp and his contribution to the study of Isaiah /$fedited by Richard J. Bautch and J. Todd Hibbard 210 1$aGrand Rapids, Michigan ;$aCambridge, England :$cWilliam B. Eerdmans Publishing Company,$d2014. 210 4$d©2014 215 $a1 online resource (171 pages) 311 $a0-8028-6773-1 676 $a224.106 702 $aBautch$b Richard J. 702 $aHibbard$b J. Todd 801 0$bMiAaPQ 801 1$bMiAaPQ 801 2$bMiAaPQ 906 $aBOOK 912 $a9910825699903321 996 $aThe book of Isaiah$93989473 997 $aUNINA